Contributions to the theory of nonlinear oscillations.

Bibliographic Details
Main Author: Lefschetz, Solomon, 1884-1972
Format: Book
Language:English
Published: Princeton : Princeton University Press, 1950-
Series:Annals of mathematics studies ; 20.
Annals of mathematics studies ; 29.
Annals of mathematics studies ; 36.
Annals of mathematics studies ; 41.
Annals of mathematics studies ; 45.
Subjects:

MARC

Tag First Indicator Second Indicator Subfields
LEADER 00000cam a22000001 4500
001 in00000034381
005 20151007060706.0
008 870921m19509999njua b 00010 eng
010 |a  50002400  
019 |a 529167  |a 12347358 
035 |a (OCoLC)00224737 
035 |9 AAC1505AM 
040 |a DLC/ICU  |c CGU  |d m.c.  |d TXA  |d UtOrBLW 
049 |a TXAM  |c 1  |v 1 [291238]  |v 2 [291239]  |v 3 [278889]  |v 4 [295797]  |v 5 [407413]  |c 2  |v 1 [181022]  |v 2 [217898]  |c 3  |v 1 [423448] 
050 0 |a QA1  |b .A626 no. 20, etc. 
050 0 0 |a QA871  |b .L44 
050 4 |a QA1  |b .A626 no.29 
082 0 |a 531.3 
100 1 |a Lefschetz, Solomon,  |d 1884-1972. 
245 1 0 |a Contributions to the theory of nonlinear oscillations. 
264 1 |a Princeton :  |b Princeton University Press,  |c 1950- 
300 |a volumes :  |b diagrams 
336 |a text  |b txt  |2 rdacontent 
337 |a unmediated  |b n  |2 rdamedia 
338 |a volume  |b nc  |2 rdacarrier 
490 1 |a Annals of mathematics studies ;  |v 20, 29, 36, 41, 45 
504 |a Includes bibliographies. 
650 0 |a Oscillations. 
830 0 |a Annals of mathematics studies ;  |v 20. 
830 0 |a Annals of mathematics studies ;  |v 29. 
830 0 |a Annals of mathematics studies ;  |v 36. 
830 0 |a Annals of mathematics studies ;  |v 41. 
830 0 |a Annals of mathematics studies ;  |v 45. 
999 |a MARS 
999 f f |s 5c34b136-c88e-3ac5-9d47-8c3a29c423c3  |i d359cbd9-c17c-3ab7-b071-efb5ab06776f  |t 0 
952 f f |p ric  |a Texas A&M University  |b Rellis Campus  |c Joint Library Facility  |s JLF  |d Remote Storage  |t 0  |e QA1.A626 no.20, etc.  |h Library of Congress classification  |i unmediated -- volume  |k v.4=no.41  |m A14804414614 
952 f f |p ric  |a Texas A&M University  |b Rellis Campus  |c Joint Library Facility  |s JLF  |d Remote Storage  |t 0  |e QA1.A626 no.20, etc.  |h Library of Congress classification  |i unmediated -- volume  |k v.2=no.29  |m A14810785104 
952 f f |p ric  |a Texas A&M University  |b Rellis Campus  |c Joint Library Facility  |s JLF  |d Remote Storage  |t 0  |e QA1.A626 no.20, etc.  |h Library of Congress classification  |i unmediated -- volume  |k v.1=no.20  |m A14811701682 
952 f f |p ric  |a Texas A&M University  |b Rellis Campus  |c Joint Library Facility  |s JLF  |d Remote Storage  |t 0  |e QA1.A626 no.20, etc.  |h Library of Congress classification  |i unmediated -- volume  |k v.3=no.36  |m A14811701496 
952 f f |p ric  |a Texas A&M University  |b Rellis Campus  |c Joint Library Facility  |s JLF  |d Remote Storage  |t 0  |e QA1.A626 no.20, etc.  |h Library of Congress classification  |i unmediated -- volume  |k v.5=no.45  |m A14804415131 
998 f f |a QA1.A626 no.20, etc.  |s v.5=no.45  |t 0  |l Remote Storage